000 00489 a2200181 4500
003 Nust
005 20230131134626.0
020 _a0553156810
040 _cNust
082 _a808.83,PAS
100 _aJamie Suzanne
_9108251
245 _aSweet valley twins teamwork /
_cJamie Suzanne,
_hFrancine Pasical
260 _aA bantam skylark book
_bToronto
_c1989
300 _a104 p
_billus
_c19 cm
600 _aJamie Suzanne
_9108251
650 _aNovel
_92525
942 _2ddc
_cBK
_k808.83,PAS
999 _c185261
_d185261